| 000 | 04420cam a2201369Li 4500 | ||
|---|---|---|---|
| 003 | PE-LiUPU | ||
| 005 | 20250813185329.0 | ||
| 008 | 150610s2015 mx a rb 001 0 spa d | ||
| 020 | _a1456240684 (ebook) | ||
| 020 | _a9781456240684 (e-book) | ||
| 020 | _z9786071512413 | ||
| 035 | _a(Sirsi) i9781456240684 | ||
| 040 |
_aE7B _bspa _erda _cE7B _dOCLCO _dOCLCF _dPE-LiUPU |
||
| 050 | 1 | 4 |
_aRT89 _bB176 2015eb |
| 080 | _a36 | ||
| 082 | 0 | 4 |
_a362.173068 _bB17 _223 |
| 100 | 1 |
_aBalderas Pedrero, María de la Luz, _eautor. |
|
| 245 | 1 | 0 |
_aAdministración de los servicios de enfermería / _cMaría de la Luz Balderas Pedrero. |
| 250 | _aSéptima edición. | ||
| 264 | 1 |
_aMéxico D.F. : _bMcGraw-Hill Interamericana, _c[2015] |
|
| 300 |
_axxiii, 455 páginas : _bilustraciones ; _c23 centímetros |
||
| 336 |
_atext _2rdacontent |
||
| 337 |
_aunmediated _2rdamedia |
||
| 338 |
_avolume _2rdacarrier |
||
| 504 | _aBibliografía: páginas 439-440. | ||
| 504 | _aÍndice: páginas 441-455. | ||
| 505 | 0 | _aIntroducción a la teoría general de la administración -- Administración de servicios de enfermería -- Administración de recursos humanos -- Administración de la atención de enfermería -- Investigación y administración. | |
| 526 | _aP202 | ||
| 526 | _aP201 | ||
| 526 | _aP163 | ||
| 526 | _aP162 | ||
| 526 | _aP161 | ||
| 526 | _aP160 | ||
| 526 | _aP148 | ||
| 526 | _aP147 | ||
| 526 | _aP146 | ||
| 526 | _aP145 | ||
| 526 | _aP144 | ||
| 526 | _aP143 | ||
| 526 | _aP142 | ||
| 526 | _aP141 | ||
| 526 | _aP140 | ||
| 526 | _aP139 | ||
| 526 | _aP138 | ||
| 526 | _aP137 | ||
| 526 | _aP136 | ||
| 526 | _aP135 | ||
| 526 | _aP134 | ||
| 526 | _aP133 | ||
| 526 | _aP129 | ||
| 526 | _aP128 | ||
| 526 | _aP127 | ||
| 526 | _aP120 | ||
| 526 | _aP119 | ||
| 526 | _aP118 | ||
| 526 | _aP116 | ||
| 526 | _aP115 | ||
| 526 | _aP114 | ||
| 526 | _aP110 | ||
| 526 | _aP109 | ||
| 526 | _aP108 | ||
| 526 | _aP104 | ||
| 526 | _aP103 | ||
| 526 | _aP102 | ||
| 526 | _aP99 | ||
| 526 | _aP98 | ||
| 526 | _aP97 | ||
| 526 | _aP96 | ||
| 526 | _aP95 | ||
| 526 | _aP93 | ||
| 526 | _aP90 | ||
| 526 | _aP89 | ||
| 526 | _aP88 | ||
| 526 | _aP83 | ||
| 526 | _aP82 | ||
| 526 | _aP62 | ||
| 526 | _aP59 | ||
| 526 | _aP58 | ||
| 526 | _aP57 | ||
| 526 | _aP51 | ||
| 526 | _aP49 | ||
| 526 | _aP48 | ||
| 526 | _aP47 | ||
| 526 | _aP29 | ||
| 526 | _aP24 | ||
| 526 | _aP20 | ||
| 526 | _aP19 | ||
| 526 | _aP17 | ||
| 526 | _aP15 | ||
| 526 | _aP14 | ||
| 526 | _aP12 | ||
| 526 | _aP10 | ||
| 526 | _aP09 | ||
| 526 | _aP08 | ||
| 526 | _aP07 | ||
| 526 | _aP06 | ||
| 526 | _aP05 | ||
| 526 | _aP04 | ||
| 526 | _aP01 | ||
| 541 | _g001-000507; | ||
| 541 | _g002-00000098; | ||
| 541 | _g002-00000600; | ||
| 650 | 1 | 4 |
_aHospitales _xServicios de enfermería. |
| 910 |
_ajck _bebj _cebj _d20160720 |
||
| 910 |
_ajck _bncf _cncf _d20170726 |
||
| 910 |
_adbm _bksl _cksl _d20180619 |
||
| 942 |
_2ddc _cBOOK |
||
| 949 |
_a362.173068 B17 _wDEWEY _c1 _i74181 _lCCODEBUL1 _mBUL _p36.32 _r0 _sY _tBOOK _u2016-7-20 _xSALUD _PP22 _0COMPRA _o.STAFF. Colección General |
||
| 994 |
_aC0 _bPEPRU |
||
| 596 | _a1 | ||
| 999 |
_a362.173068 B17 _wDEWEY _c11357 _i74181 _f2021-11-3 _g5 _lCCODEBUL1 _mBUL _p36.32 _r0 _sY _tBOOK _u2016-7-20 _xSALUD _zP22 _0COMPRA _o.STAFF. Colección General _d11357 |
||
| 999 |
_a362.173068 B17 _wDEWEY _c2 _i76597 _f2021-11-3 _g4 _lCCODEBUL1 _mBUL _p33.53 _r0 _sY _tBOOK _u2017-7-26 _xSALUD _zP22 _0COMPRA _o.STAFF. Colección Ciencias de la Salud |
||
| 999 |
_a362.173068 B17 _wDEWEY _c3 _i76598 _f2021-11-3 _g4 _lCCODEBUL1 _mBUL _p33.53 _r0 _sY _tBOOK _u2017-7-26 _xSALUD _zP22 _0COMPRA _o.STAFF. Colección Ciencias de la Salud |
||
| 999 |
_a362.173068 B17 _wDEWEY _c4 _i78263 _d2018-8-9 _e2018-8-6 _f2021-11-3 _g4 _lCCODEBUL1 _mBUL _n2 _p34.33 _r0 _sY _tBOOK _u2018-6-19 _xSALUD _zP22 _0COMPRA _1FCOMPRA _o.STAFF. Colección Ciencias de la Salud |
||
| 999 |
_a362.173068 B17 _wDEWEY _c5 _i79252 _f2021-11-3 _g4 _lCCODEBUL1 _mBUL _p33.46 _r0 _sY _tBOOK _u2018-11-19 _xSALUD _zP69 _0COMPRA _1FCOMPR2 _o.STAFF. Colección Ciencias de la Salud |
||
| 980 |
_81 _gALBERTO SANCHEZ Responsable de Automatización |
||